[Event "Hessen-chB"]
[Site "Korbach"]
[Date "2013.03.30"]
[Round "6"]
[White "Hoepfner, Michael"]
[Black "Naujocks, Christian"]
[Result "1/2-1/2"]
[WhiteElo "1300"]
[BlackElo "1639"]
[PlyCount "57"]
[EventDate "2013.03.27"]
[EventType "swiss"]
[EventRounds "7"]
[EventCountry "GER"]
[SourceTitle "EXT 2014"]
[Source "ChessBase"]
[SourceDate "2013.11.20"]
[SourceVersion "1"]
[SourceVersionDate "2013.11.20"]
[SourceQuality "1"]

1. f4 Nf6 2. e3 e6 3. Nf3 c5 4. b3 Nc6 5. Bb2 Be7 6. Bb5 0-0 7. 0-0 d5 8. Bxc6 bxc6 9. Ne5 Qb6 10. c4 d4 11. Qe1 a5 12. d3 a4 13. Nd2 Bd6 14. Nef3 dxe3 15. Qxe3 Ng4 16. Qe2 Bxf4 17. Nh4 Bxh2+ 18. Kh1 e5 19. Nf5 h5 20. Ne7+ Kh8 21. Nxc8 Raxc8 22. Nf3 Bf4 23. Nxe5 Bxe5 24. Bxe5 Rce8 25. Rf5 Nf6 26. Rxh5+ Nxh5 27. Qxh5+ Kg8 28. Bxg7 Kxg7 29. Qg5+ 1/2-1/2

[Event "Hessen-chB"]
[Site "Korbach"]
[Date "2013.03.29"]
[Round "5"]
[White "Dresen, Dietmar"]
[Black "Hoepfner, Michael"]
[Result "1/2-1/2"]
[WhiteElo "1660"]
[BlackElo "1300"]
[PlyCount "106"]
[EventDate "2013.03.27"]
[EventType "swiss"]
[EventRounds "7"]
[EventCountry "GER"]
[SourceTitle "EXT 2014"]
[Source "ChessBase"]
[SourceDate "2013.11.20"]
[SourceVersion "1"]
[SourceVersionDate "2013.11.20"]
[SourceQuality "1"]

1. Nf3 e6 2. d4 b6 3. c4 Bb7 4. Nbd2 Nf6 5. e3 c5 6. Bd3 Nc6 7. b3 cxd4 8. exd4 d5 9. Bb2 Bd6 10. Ne5 Bb4 11. 0-0 Bxd2 12. Qxd2 0-0 13. cxd5 Nxe5 14. dxe5 Qxd5 15. f3 Nd7 16. Qe2 a5 17. Rfd1 Qc5+ 18. Kf1 Qe7 19. Rac1 Nc5 20. Ba3 Qh4 21. Bxc5 bxc5 22. Qf2 Qxh2 23. Rc4 Ba6 24. Re4 Rfd8 25. Ke2 Bxd3+ 26. Rxd3 Rxd3 27. Kxd3 Rd8+ 28. Kc2 Qh6 29. f4 Qh5 30. Qxc5 Qd1+ 31. Kb2 Qd2+ 32. Qc2 h5 33. Rc4 Qd5 34. Ka3 Ra8 35. Qe4 Rd8 36. Qxd5 Rxd5 37. Rc2 Rd4 38. Rf2 Kh7 39. Kb2 Kg6 40. Kc3 Re4 41. a3 Kf5 42. Rf3 Kg4 43. b4 axb4+ 44. axb4 Re2 45. b5 Rxg2 46. b6 Kxf3 47. b7 Kxf4 48. b8Q Rg3+ 49. Kd2 h4 50. Qb4+ Kg5 51. Qe7+ Kf5 52. Qxf7+ Kxe5 53. Qc7+ Kf5 1/2-1/2

[Event "Hessen-chB"]
[Site "Korbach"]
[Date "2013.03.28"]
[Round "2"]
[White "Hoepfner, Michael"]
[Black "Reichel, Rolf"]
[Result "1/2-1/2"]
[WhiteElo "1300"]
[BlackElo "1776"]
[PlyCount "60"]
[EventDate "2013.03.27"]
[EventType "swiss"]
[EventRounds "7"]
[EventCountry "GER"]
[SourceTitle "EXT 2014"]
[Source "ChessBase"]
[SourceDate "2013.11.20"]
[SourceVersion "1"]
[SourceVersionDate "2013.11.20"]
[SourceQuality "1"]

1. f4 e5 2. fxe5 d6 3. exd6 Bxd6 4. Nf3 g5 5. g3 g4 6. Nh4 Be7 7. Ng2 h5 8. d4 Nf6 9. Bg5 Ne4 10. Bxe7 Qxe7 11. Qd3 Bf5 12. Qe3 Qb4+ 13. Nc3 Nd7 14. 0-0-0 Ndf6 15. Nf4 0-0-0 16. Bg2 Rhe8 17. Nxe4 Nxe4 18. Rhf1 Nd6 19. Qd2 Qxd2+ 20. Rxd2 Nc4 21. c3 Nxd2 22. Kxd2 Be4 23. Bxe4 Rxe4 24. Nxh5 Rde8 25. Rf2 R4e7 26. Nf6 Rd8 27. Nxg4 c5 28. e3 cxd4 29. exd4 b5 30. Rf5 a6 1/2-1/2